[Event "ch-NED w 2012"]
[Site "Amsterdam NED"]
[Date "2012.07.19"]
[Round "4"]
[White "Haast,A"]
[Black "Lanchava,T"]
[Result "1/2-1/2"]
[WhiteElo "2255"]
[BlackElo "2336"]
[EventDate "2012.07.15"]

1. e4 e6 2. d4 d5 3. Nc3 dxe4 4. Nxe4 Nd7 5. c4 Ngf6 6. Nc3 c5 7. Nf3 cxd4
8. Nxd4 Bb4 9. Ndb5 Ne4 10. Qc2 Nxc3 11. Nxc3 b6 12. a3 Be7 13. Be2 Bb7 14.
O-O O-O 15. Rd1 a6 16. Qa4 b5 17. cxb5 Qc7 18. bxa6 Nc5 19. Qc2 Nxa6 20.
Be3 Rfc8 21. Rac1 Qe5 22. Qd2 Rd8 23. Bf4 Rxd2 24. Bxe5 Rxb2 25. Bxa6 Bxa6
26. Nd5 Rb7 27. Nc7 Raa7 28. Nxa6 f6 29. Nc5 Bxc5 30. Rxc5 fxe5 31. Rxe5
Rxa3 32. Rxe6 Ra2 33. Re8+ Kf7 34. Re3 Rd2 35. Rde1 g6 36. h4 Rbd7 37. Rf3+
Kg7 38. Kh2 Rf7 39. Kg3 Rxf3+ 40. Kxf3 Kf6 41. Ra1 Rd6 42. g4 h6 43. Ra5 g5
44. h5 Rb6 45. Ra7 Ke5 46. Kg3 Rb3+ 47. f3 Rb6 48. Rf7 Ra6 49. Rb7 Rc6 50.
Rb5+ Ke6 51. Rb3 Kf6 52. f4 gxf4+ 53. Kxf4 Rc4+ 54. Kg3 Rc6 55. Rb7 Ra6 56.
Rh7 Ke5 57. Rf7 Ra1 58. Re7+ Kf6 59. Rh7 Rg1+ 60. Kf3 Kg5 61. Rg7+ Kh4 62.
Rg6 Rg3+ 63. Kf4 Rg1 64. Kf5 Rf1+ 65. Ke5 Kh3 66. Rf6 Rg1 67. Rxh6 Rxg4 68.
Rg6 Ra4 69. h6 Ra5+ 70. Kf6 Ra6+ 71. Kg7 Ra7+ 72. Kh8 Kh4 73. Rg7 Ra6 74.
h7 Kh5 75. Kg8 Ra8+ 76. Kf7 Kh6 77. Rg1 Ra7+ 78. Kg8 Ra8+ 79. Kf7 Ra7+ 80.
Kf6 Kxh7 81. Rh1+ 1/2-1/2

[Event "ch-NED w 2012"]
[Site "Amsterdam NED"]
[Date "2012.07.19"]
[Round "4"]
[White "Peng Zhaoqin"]
[Black "Middelveld,M"]
[Result "1-0"]
[WhiteElo "2414"]
[BlackElo "2134"]
[EventDate "2012.07.15"]

1. c4 e6 2. Nc3 Nf6 3. d4 Bb4 4. Bg5 c5 5. d5 d6 6. f3 h6 7. Bd2 a6 8. e4
O-O 9. Nge2 b5 10. Ng3 exd5 11. cxd5 Ba5 12. Be2 Nbd7 13. O-O Ne5 14. Qc2
Bd7 15. a4 c4 16. axb5 axb5 17. Kh1 Bb6 18. Rab1 Qc7 19. Nd1 Rfc8 20. Ne3
b4 21. Nef5 Ba4 22. Qc1 Nd3 23. Bxd3 cxd3 24. Qe1 Bc2 25. Rc1 b3 26. Nxg7
Kxg7 27. Nf5+ Kh7 28. Qh4 Ng8 29. Bxh6 f6 30. Bf4+ Kg6 31. Qg3+ Kh7 32.
Qh3+ Kg6 33. Qg4+ 1-0